01114cam a2200325 i 450000100090000000300040000900500170001300800410003001000170007102000300008802000340011802000260015203500200017804000280019804200080022605000200023406000110025408200190026524500830028425000190036730000460038650000200043265000220045265000180047465000140049270000450050670000590055170000510061077601270066117725283OSt20150504134747.0130501s2014 stka 001 0 eng  a 2013017786 a9780702051432 (paperback) a9780702051449 (international) z9780702052828 (ebook) a(DNLM)101607308 aDNLM/DLCcDLCerdadDLC apcc00aRS91b.P44 201410aQV 77900a615.4223bPHP00aPharmaceutical practice /cedited by Judith A. Rees, Ian Smith, Jennie Watson. aFifth edition. axvii, 552 pages :billustrations ;c25 cm aIncludes index.12aDrug Compounding.22aDosage Forms.22aPharmacy.1 aRees, Judith A.,eeditor of compilation.1 aSmith, Ian,d1959 November 24-eeditor of compilation.1 aWatson, Jennie,d1966-eeditor of compilation.08iOnline version:tPharmaceutical practicebFifth edition.dEdinburgh : Elsevier Ltd., 2014z9780702052828w(DLC) 2013018486